Biológia 1 pre 1. ročník osemročných gymnázií

Bibliographic Details
Main Authors: Kvasničková, Danuše, 1935- (Author), Jeník, Jan, 1929-2022 (Author), Pecina, Pavel, 1938- (Author), Froněk, Jiří (Author), Cais, Jiří (Author), Eliáš, Pavol, 1949- (Author)
Other Authors: Berger, Zdeněk, 1933-2017 (Illustrator), Brtnová, Šárka (Illustrator), Burian, Zdeněk, 1905-1981 (Illustrator)
Format: Book
Language:Slovak
PhysicalDescription:139 s. fareb. ilustr. 30 cm
Published: Bratislava Slovenské pedagogické nakladateľstvo 2004
ISBN:8010006033
Edition:2. vyd.
Subjects:

MARC

LEADER 00000nam a2200000 a 4500
001 vtls001484233
003 SK-MaSNL
005 20260302073722.0
008 240313s2004 xo a e p 000 0 slo
015 |a SNBA2005/10-03763 
020 |a 8010006033  |q (brož.) 
035 |a SNK000439527 
035 |a urn:nbn:sk:snk-amluqk 
035 |a urn:nbn:sk:snk-am00ccl1 
035 |a 86F842DF-9E98-46D1-8B17-14593F4F6BFC 
040 |a SNK  |b slo  |c SNK  |e AACR2 
041 0 |a slo 
044 |a xo  |c SK 
072 7 |a 57/59  |x Biologické vedy  |2 konspekt 
080 |a (075.2)  |2 MDT-MRF 
080 |a 57/59  |2 MDT-MRF 
100 1 |a Kvasničková, Danuše,  |d 1935-  |4 aut  |9 236074 
245 1 0 |a Biológia 1 pre 1. ročník osemročných gymnázií  |c Danuše Kvasničková ... [et al.] ; [ilustrovali: Zdeněk Berger, Šárka Brtnová, Zdeněk Burian] 
250 |a 2. vyd. 
260 |a Bratislava  |b Slovenské pedagogické nakladateľstvo  |c 2004 
300 |a 139 s.  |b fareb. ilustr.  |c 30 cm 
500 |a Fareb. fotogr. na front. 
500 |a Autori fotografií: Miloš Anděra ... [et al.] 
650 0 7 |a biológia  |2 SNKPH  |9 689 
655 7 |a učebnice stredných škôl  |2 SNKPH  |9 69323 
700 1 |a Berger, Zdeněk,  |d 1933-2017  |4 ill  |9 42072 
700 1 |a Brtnová, Šárka  |4 ill  |9 277266 
700 1 |a Burian, Zdeněk,  |d 1905-1981  |4 ill  |9 87333 
700 1 |a Jeník, Jan,  |d 1929-2022  |4 aut  |9 6697 
700 1 |a Pecina, Pavel,  |d 1938-  |4 aut  |9 37128 
700 1 |a Froněk, Jiří  |4 aut  |9 42102 
700 1 |a Cais, Jiří  |4 aut  |9 43137 
700 1 |a Eliáš, Pavol,  |d 1949-  |4 aut  |9 36947 
919 |a 80-10-00603-3 
958 |a OND 
968 |d 56/59 
999 |c 1162039  |d 1163969 
952 |t P60, <03>, [BOOK], {603}, -K-  |a SNK  |b SNK  |y PREZ  |7 0  |p 17A0448802  |o snkSB 69459  |i snkKSP 13813/2004  |0 0  |1 0  |4 0  |d 2004-10-27  |f 1  |l 0  |r 2025-04-23 00:00:00  |w 2026-02-24 
952 |t P60, <04>, [BOOK], {604}  |a SNK  |b SNK  |y VYP  |7 0  |p 17A0448803  |o snkSB 69459 D1  |i snkKSP 13814/2004  |0 0  |1 0  |4 0  |d 2004-10-27  |l 0  |r 2005-01-02 00:00:00  |w 2026-02-24